000 01073cam a2200301 i 4500
001 12656142
003 EG-ScBUE
005 20250109095410.0
008 020125s2003 njuab f b 001 0 eng d
020 _a013032289X
020 _a9780130322890
040 _aDLC
_beng
_erda
_cDLC
_dDLC
_dEG-ScBUE
082 0 4 _a526.9
_222
_bKAV
100 1 _aKavanagh, Barry F.,
_eauthor.
_923783
245 1 0 _aGeomatics /
_cBarry F. Kavanagh.
264 1 _aUpper Saddle River, NJ :
_bPrentice Hall,
_c2003.
300 _axii, 589 pages :
_billustrations (some color), color maps ;
_c29 cm
336 _2rdacontent
_atext
_btxt
337 _aunmediated
_2rdamedia
_bn
338 _avolume
_bnc
_2rdacarrier
504 _aIncludes bibliographical references and index.
650 7 _aSurveying.
_2BUEsh
_923784
650 7 _aGeomatics.
_2BUEsh
_923785
653 _cMay2011
655 _vReading book
942 _2ddc
_cBB
999 _c15274
_d15274